| 000 | 00678nam a22002177a 4500 | ||
|---|---|---|---|
| 999 |
_c4136 _d4136 |
||
| 003 | AR-CdUCM | ||
| 008 | 190308b ||||| |||| 00| 0 spa d | ||
| 040 |
_aMUNICIPALIDAD PROVINCIAL DEL CUSCO _cBIBLIOTECA MUNICIPAL DEL CUSCO |
||
| 082 |
_a848.9 / _bP87 |
||
| 100 |
_aProu, Suzanne _913102 |
||
| 245 | _aPerversamente los pájaros / | ||
| 260 |
_aBuenos aires : _bEmece editorial, _c1972. |
||
| 300 |
_a194 paginas ; _c19 cm. |
||
| 505 | _aContenido :Novela. | ||
| 650 |
_aNovelas francesas _9571 |
||
| 650 |
_aLiteratura francesa _9913 |
||
| 650 |
_aLiteratura del siglo xx _97647 |
||
| 700 |
_aBullrich, Silvana (traductora) _913103 |
||
| 942 |
_2ddc _cLIBROS |
||
| 945 | _arum | ||